00578nam a2200193Ia 450000500170000000800410001702000150005808200130007310000290008624500590011526000450017430000160021965000090023565000110024465000130025594200060026895200950027499900150036920240531033729.0240331s9999 xx 000 0 und d a8187218010 bCHOa340 aChoudhury, Roy Choudhury 0aUniform civil code :bsocial change and gender justice aNew DelhibIndian Social Institutec1998 aiv, 91 p ., aLaws aGender aPolitics cL 001040708LaWERCLbWERCLcSSCd2024-03-31l0o 340 CHOp4898r2024-03-31w2024-03-31yL c2785d2785